| 000 | 01293cam a2200337 a 4500 | ||
|---|---|---|---|
| 008 | |||
| 020 | _a0881676780 (hbk.) | ||
| 049 | _aMAIN | ||
| 090 |
_aQP620 _bSTR |
||
| 245 | 0 | 0 |
_aStructure and function of nucleic acids and proteins / _ceditors, Felicia Y.-H. Wu [and] Cheng-wen Wu. |
| 260 |
_aNew York : _bRaven Press, _cc1990. |
||
| 300 |
_axv, 336 p. : _bill. ; _c24 cm. |
||
| 500 | _aBased on an international symposium held at and sponsored by the Institute of Biomedical Sciences, Academia Sinica, Taipei, Taiwan, Republic of China, on May 11-13, 1989. | ||
| 500 | _aIncludes index. | ||
| 504 | _aIncludes bibliographical references. | ||
| 650 | 0 |
_aNucleic acids _vCongresses. |
|
| 650 | 0 |
_aProteins _vCongresses. |
|
| 650 | 0 |
_aGene expression _vCongresses. |
|
| 650 | 2 |
_aNucleic Acids _xphysiology _vcongresses. |
|
| 650 | 2 |
_aNucleic Acids _xultrastructure _vcongresses. |
|
| 650 | 2 |
_aProteins _xphysiology _vcongresses. |
|
| 650 | 2 |
_aProteins _xultrastructure _vcongresses. |
|
| 650 | 2 |
_aStructure-Activity Relationship _vcongresses. |
|
| 700 | 1 | _aWu, Felicia Y.-H. | |
| 700 | 1 | _aWu, Cheng-wen. | |
| 907 |
_a.b10001219 _b06-12-12 _c17-04-03 |
||
| 003 | |||
| 005 | 20230123133110.0 | ||
| 040 | _cNUST | ||
| 942 |
_cBOOKS _kQP620 _mSTR |
||
| 999 |
_c142696 _d142696 |
||